[Event "Challenge"]
[Site "http://www.queenalice.com/game.php?id=968555"]
[Date "2011.8.4"]
[Round "-"]
[White "lucas_mb"]
[Black "LeandroSouza"]
[Result "0-1"]
[WhiteElo "1643"]
[BlackElo "1672"]

1. e4 e5 2. Qh5 d6 3. Bc4 Qf6 4. d3 g6 5. Qf3 Qxf3 6. Nxf3 Be7 7. Bg5 Bxg5 8.
Nxg5 Nh6 9. Nc3 c6 10. O-O O-O 11. b4 b5 12. Bb3 Nd7 13. a4 a6 14. axb5 cxb5 15.
Nxb5 Nb6 16. Nxd6 Bd7 17. Ngxf7 Nxf7 18. Nxf7 Kg7 19. Nxe5 Be8 20. b5 Bxb5 21.
Nf3 Be8 22. Ng5 Bd7 23. e5 Rf5 24. f4 h6 25. Ne4 Bc6 26. Nd6 Rff8 27. e6 Kf6 28.
Nf7 Bd5 29. Bxd5 Nxd5 30. Rae1 Rae8 31. f5 gxf5 32. Nxh6 Rxe6 33. Ng4+ Ke7 34.
Rxe6+ Kxe6 35. c4 Nb4 36. Re1+ Kf7 37. Ne5+ Kg7 38. Nd7 Nxd3 39. Rd1 Nb2 40. Rc1
Rc8 41. Nb6 Rc6 42. c5 Nd3 43. Rc3 Nxc5 44. Rg3+ Kf7 45. Nc4 Kf6 46. h4 Ne4 47.
Ra3 Rxc4 48. Rxa6+ Ke5 49. h5 Kf4 50. h6 Ng5 51. g3+ Kg4 52. Ra5 Kxg3 53. Rxf5
Rc1+ 54. Rf1 Nf3+ 55. Kh1 Rxf1# 0-1

[Event "Challenge"]
[Site "http://www.queenalice.com/game.php?id=969309"]
[Date "2011.8.6"]
[Round "-"]
[White "augustosibo"]
[Black "lucas_mb"]
[Result "0-1"]
[WhiteElo "1543"]
[BlackElo "1500"]

1. e4 e5 2. Nf3 Qf6 3. Nc3 c6 4. d4 exd4 5. Qxd4 Qxd4 6. Nxd4 Bb4 7. Bd2 c5 8.
Nf3 Nf6 9. Bc4 O-O 10. Nd5 Nxe4 11. Bxb4 Na6 12. Bxa6 cxb4 13. Bd3 Nc5 14. Nxb4
Re8+ 15. Be2 Na4 16. O-O Rxe2 17. Rae1 Rxe1 18. Rxe1 Kf8 19. Nd5 Rb8 20. Ne7
Nxb2 21. Ng5 g6 22. Nxh7+ Kg7 23. Nxc8 Rxc8 24. Ng5 Rxc2 25. h4 Nd3 26. Re7 Rxf2
27. Rxd7 Rd2 28. Rxf7+ Kg8 29. Rxb7 Ne5 30. Rxa7 Ng4 31. a4 Rd1# 0-1

[Event "Challenge"]
[Site "http://www.queenalice.com/game.php?id=975112"]
[Date "2011.8.21"]
[Round "-"]
[White "jeffersonpacaembu"]
[Black "lucas_mb"]
[Result "0-1"]
[WhiteElo "1477"]
[BlackElo "1439"]

1. e4 e5 2. Nf3 Qf6 3. b3 Bc5 4. Qe2 Nc6 5. Nc3 Nd4 6. Qd1 Nxf3+ 7. Qxf3 Qxf3 8.
gxf3 Bd4 9. Rg1 g6 10. Bb2 d6 11. Nd5 Bb6 12. a4 Be6 13. Nb4 f5 14. Bh3 a5 15.
Nd3 Ne7 16. c4 Nc6 17. f4 Nd4 18. Bxd4 Bxd4 19. Rb1 exf4 20. Nxf4 Bd7 21. f3
Bxg1 22. Ke2 Bxh2 23. Nd5 O-O-O 24. d3 Be5 25. f4 Bd4 26. Rf1 Rde8 27. b4 b6 28.
b5 fxe4 29. f5 exd3+ 30. Kxd3 Bc5 31. Rf3 Rhf8 32. f6 Bf5+ 33. Bxf5+ gxf5 34.
Rxf5 Re5 35. Rf4 h5 36. Ne7+ Kd7 37. Ng6 Re3+ 38. Kd2 Rf7 39. Nh4 Rh3 40. Kc2
Be3 41. Re4 Rxf6 42. c5 Rf2+ 43. Kd3 Bg5+ 44. Kd4 dxc5+ 45. Kd5 Bxh4 46. Re5 Bf6
47. Re4 Rf5+ 48. Kc4 Rc3# 0-1

[Event "Challenge"]
[Site "http://www.queenalice.com/game.php?id=979408"]
[Date "2011.8.31"]
[Round "-"]
[White "sbdias"]
[Black "lucas_mb"]
[Result "1-0"]
[WhiteElo "1616"]
[BlackElo "1566"]

1. e4 e5 2. Bc4 Qh4 3. Nf3 Qxe4+ 4. Qe2 Qxc2 5. Nc3 Qg6 6. Qxe5+ Ne7 7. Nd5 d6
8. Nxc7+ Kd8 9. Qc3 Qe4+ 10. Kf1 d5 11. d3 Qg6 12. Bb5 a6 13. Nxa8 axb5 14. Ne5
Qf5 15. Qa5+ Ke8 16. Nc7+ Kd8 17. Ne6+ Ke8 18. Qd8# 1-0

[Event "Challenge"]
[Site "http://www.queenalice.com/game.php?id=981757"]
[Date "2011.9.5"]
[Round "-"]
[White "lucas_mb"]
[Black "Admilton"]
[Result "0-1"]
[WhiteElo "1496"]
[BlackElo "1553"]

1. e4 e5 2. Qh5 d6 3. Bc4 g6 4. Bxf7+ Kxf7 5. Qf3+ Nf6 6. Qb3+ Ke8 7. Nf3 Nxe4
8. d3 Nc5 9. Qb5+ c6 10. Bg5 cxb5 11. Bxd8 Kxd8 12. Ng5 Be6 13. b4 Nca6 14.
Nxe6+ Ke7 15. Ng5 Nxb4 16. Na3 Nd7 17. O-O Rc8 18. Nxb5 Rxc2 19. d4 Bg7 20. Nxa7
exd4 21. Rfe1+ Ne5 22. f4 Rxa2 23. fxe5 Rxa1 24. exd6+ Kf6 25. Ne4+ Kf5 26. Ng3+
Kg4 27. Rxa1 d3 28. Ra4 Bd4+ 29. Kh1 d2 30. h3+ Kxg3 31. Ra3+ Kf2 32. Rf3+ Ke2
33. Nc8 d1=Q+ 34. Kh2 Be5+ 35. g3 Kxf3 36. d7 Bxg3# 0-1

[Event "Challenge"]
[Site "http://www.queenalice.com/game.php?id=989630"]
[Date "2011.9.25"]
[Round "-"]
[White "lucas_mb"]
[Black "rama123"]
[Result "1-0"]
[WhiteElo "1559"]
[BlackElo "1592"]

1. e4 e5 2. Nf3 Nc6 3. d4 exd4 4. Nxd4 Qf6 5. Nxc6 Qxc6 6. Nc3 Bb4 7. Qf3 Bxc3+
8. bxc3 d6 9. a4 Bg4 10. Qe3 Ne7 11. Bb5 Qxb5 12. axb5 O-O 13. e5 Nf5 14. Qg5
Nh6 15. exd6 Rfe8+ 16. Be3 cxd6 17. O-O Re5 18. Rxa7 Rxa7 19. Qd8+ Re8 20. Qxe8#
1-0

[Event "Challenge"]
[Site "http://www.queenalice.com/game.php?id=990073"]
[Date "2011.9.26"]
[Round "-"]
[White "shatranj"]
[Black "lucas_mb"]
[Result "0-1"]
[WhiteElo "1442"]
[BlackElo "1639"]

1. d4 e6 2. Nf3 d5 3. Nc3 Bb4 4. Bd2 Nf6 5. Ne5 Bxc3 6. Bxc3 Ne4 7. Nd3 Nxc3 8.
bxc3 O-O 9. e3 b6 10. Be2 Qg5 11. O-O Nc6 12. Rb1 e5 13. Rb5 Bh3 14. Bf3 e4 15.
Ne1 Ne7 16. c4 exf3 17. Qxf3 c6 18. Rb4 dxc4 19. Qxh3 b5 20. Nf3 Qg6 21. Ne5
Qxc2 22. Qd7 Nd5 23. Rbb1 Qxa2 24. Qxc6 Nc3 25. Qd6 Nxb1 26. Nd7 Rad8 27. Qe7
Rfe8 0-1

[Event "Challenge"]
[Site "http://www.queenalice.com/game.php?id=990439"]
[Date "2011.9.27"]
[Round "-"]
[White "lucas_mb"]
[Black "Admilton"]
[Result "1-0"]
[WhiteElo "1502"]
[BlackElo "1558"]

1. e4 e5 2. Nf3 d6 3. d4 d5 4. exd5 Qxd5 5. Nxe5 Be6 6. Bc4 Qxg2 7. Rf1 Qxh2 8.
Bxe6 fxe6 9. Qf3 Qh4 10. Qf7+ Kd8 11. Qxf8# 1-0

[Event "Challenge"]
[Site "http://www.queenalice.com/game.php?id=990476"]
[Date "2011.9.27"]
[Round "-"]
[White "shatranj"]
[Black "lucas_mb"]
[Result "0-1"]
[WhiteElo "1442"]
[BlackElo "1655"]

1. d4 e6 2. Nf3 d5 3. Nc3 Bb4 4. Nd2 Bxc3 5. bxc3 c5 6. dxc5 Qa5 7. Bb2 Qxc5 8.
e3 Nf6 9. Bd3 Qb6 10. O-O Qxb2 11. c4 dxc4 12. Bxc4 b5 13. Rb1 Qc3 14. Rb3 Qa5
15. Bxb5+ Bd7 16. Nc4 Qxa2 17. Bxd7+ Nbxd7 18. Qd3 Nc5 19. Nd6+ Ke7 20. Qc4 Nxb3
21. Qc7+ Nd7 22. Ne4 Na5 23. Qd6+ Ke8 24. f4 Nc4 25. Qc6 Nb6 26. Nd6+ Ke7 0-1

[Event "Challenge"]
[Site "http://www.queenalice.com/game.php?id=990477"]
[Date "2011.9.27"]
[Round "-"]
[White "shatranj"]
[Black "lucas_mb"]
[Result "0-1"]
[WhiteElo "1442"]
[BlackElo "1668"]

1. e4 e5 2. Nf3 d6 3. Bc4 Nf6 4. O-O Nxe4 5. Qe1 d5 6. Bd3 Bd6 7. b3 Nf6 8. Bb2
e4 9. Nc3 O-O 10. Nd4 a6 11. Be2 c5 12. Ba3 cxd4 13. Nb1 Qc7 14. c3 Bxa3 15.
Nxa3 d3 16. Bd1 Bg4 17. c4 Qd6 18. Nb1 dxc4 19. bxc4 Nbd7 20. f3 exf3 21. Bxf3
Qd4+ 22. Kh1 Qxa1 23. Qe3 Rae8 24. Qxd3 Ne5 25. Qc2 Nxf3 26. gxf3 Bh3 0-1

[Event "Anonimous"]
[Site "http://www.queenalice.com/game.php?id=990872"]
[Date "2011.9.28"]
[Round "-"]
[White "uegfelipe"]
[Black "lucas_mb"]
[Result "0-1"]
[WhiteElo "1261"]
[BlackElo "1613"]

1. e4 e5 2. d4 exd4 3. Qxd4 Nc6 4. Qd3 a6 5. Bf4 Nb4 6. Qd2 Nf6 7. f3 Nh5 8. Ne2
Nxf4 9. Nxf4 Qf6 10. Nc3 Bd6 11. Nfd5 Nxd5 12. exd5 Qe5+ 13. Be2 O-O 14. g4 Re8
15. f4 Qf6 16. O-O-O Bxf4 17. Rhf1 Bxd2+ 18. Rxd2 d6 19. Rxf6 gxf6 20. b3 b5 21.
Bf3 b4 22. Ne4 Kg7 23. g5 fxg5 24. Nxg5 Re1+ 25. Rd1 Rxd1+ 26. Kxd1 f6 27. Ne4
f5 28. Ng5 h6 29. Nh3 a5 30. Kd2 f4 31. Nxf4 Bd7 32. Kd3 Bb5+ 33. Kd4 a4 34.
Ne6+ Kf6 35. Nxc7 Rb8 36. bxa4 Bxa4 37. Bd1 Rc8 38. Na6 Bxc2 39. Bxc2 Rxc2 40.
Nxb4 Rd2+ 41. Kc4 Rxh2 42. a4 Rh1 43. a5 Rc1+ 44. Kb5 h5 45. a6 h4 46. a7 Rc8
47. Nd3 h3 48. Nf2 Ra8 49. Kb6 h2 50. Kb7 Rxa7+ 51. Kxa7 Ke5 52. Kb6 Kxd5 53.
Kb5 Kd4 54. Kb4 d5 0-1

[Event "Challenge"]
[Site "http://www.queenalice.com/game.php?id=991201"]
[Date "2011.9.29"]
[Round "-"]
[White "Admilton"]
[Black "lucas_mb"]
[Result "0-1"]
[WhiteElo "1564"]
[BlackElo "1607"]

1. d4 e6 2. Nf3 d5 3. e3 a6 4. a3 Nf6 5. c4 dxc4 6. Bxc4 b5 7. Bd3 b4 8. axb4
Bxb4+ 9. Bd2 Bxd2+ 10. Nfxd2 e5 11. dxe5 Ng4 12. h3 Nxe5 13. Be4 c6 14. Qh5 Nd3+
15. Bxd3 Qxd3 16. Qe5+ Kf8 17. Ra3 Qg6 18. Qd4 Nd7 19. Qe4 Nc5 20. Qd4 Ne6 21.
Qd6+ Ke8 22. Qxc6+ Bd7 23. Qxa8+ Nd8 24. Rxa6 Bc6 25. Qb8 Qxg2 26. Qe5+ Kf8 27.
Qd6+ Ke8 28. Rh2 Qg6 29. Qe5+ Kf8 30. Rb6 f6 31. Qd6+ Kf7 32. Rb8 Re8 33. Rxd8
Rxd8 34. Qxd8 Qg1+ 35. Ke2 Bb5+ 36. Kf3 Bc6+ 37. e4 Qxh2 38. Qc8 Qh1+ 39. Ke3
Qe1+ 40. Kd3 Bb5+ 41. Kd4 Qxf2+ 42. Kd5 Qb6 43. Nc3 Qa5 44. Qb7+ Kg6 45. Qxb5
Qd8+ 46. Ke6 Qxd2 47. h4 h5 48. e5 Qe3 49. Qe8+ Kh6 50. Kf7 Qa7+ 51. Kg8 fxe5
52. Qe6+ g6 53. Qxe5 Qa8+ 54. Kf7 Qb7+ 55. Kg8 Qb3+ 56. Nd5 Qb8+ 57. Kf7 Qxe5
58. Nf6 Qf4 0-1

[Event "Challenge"]
[Site "http://www.queenalice.com/game.php?id=992849"]
[Date "2011.10.3"]
[Round "-"]
[White "lucas_mb"]
[Black "zmanomega"]
[Result "1-0"]
[WhiteElo "1609"]
[BlackElo "1572"]

1. e4 e5 2. Nf3 f6 3. d4 d6 4. dxe5 fxe5 5. Bd3 Be7 6. O-O Nh6 7. Bxh6 gxh6 8.
Nfd2 Rg8 9. Qh5+ Rg6 10. h3 Bg5 11. Nf3 Qe7 12. Nc3 Be6 13. Nxg5 hxg5 14. Nd5
Bxd5 15. exd5 Nd7 16. Bxg6+ hxg6 17. Qxg6+ Kd8 18. Qg8+ Nf8 19. Rae1 c6 20. dxc6
bxc6 21. Qc4 Qb7 22. b3 Kd7 23. Qf7+ Kc8 24. Qxf8+ Kc7 25. Qe7+ Kb6 26. Qxd6 Re8
27. Rxe5 Rxe5 28. Qxe5 Qh7 29. c4 c5 30. Qd6+ Kb7 31. Qxc5 Qc2 32. Qb5+ Kc7 33.
a4 1-0

[Event "Challenge"]
[Site "http://www.queenalice.com/game.php?id=1002061"]
[Date "2011.10.27"]
[Round "-"]
[White "WAGNETTO"]
[Black "lucas_mb"]
[Result "1-0"]
[WhiteElo "1650"]
[BlackElo "1680"]

1. e4 e5 2. Nf3 d6 3. Bc4 Bg4 4. d3 a6 5. h3 Bh5 6. g4 Bg6 7. Ng5 Nh6 8. Nc3 c6
9. h4 f6 10. Nf7 Bxf7 11. g5 fxg5 12. hxg5 Bxc4 13. dxc4 Nf7 14. Qg4 Be7 15. g6
hxg6 16. Qf3 Bh4 17. Be3 c5 18. O-O-O g5 19. b4 cxb4 20. Nd5 Qa5 21. Bb6 Qxa2
22. Nc7+ Ke7 23. Nxa8 Qa1+ 24. Kd2 Qc3+ 25. Ke2 Qxc2+ 26. Rd2 Qxc4+ 27. Qd3 Qc1
28. Rxc1 Nc6 29. Bc7 Rxa8 30. Bxd6+ Nxd6 31. Qxd6+ Ke8 32. Qd7+ Kf8 33. Qxb7
Nd4+ 34. Kd1 Re8 35. Qxb4+ Kg8 36. Rc7 Bxf2 37. Rxf2 Rd8 38. Kc1 g4 39. Qe7 Nb3+
40. Kb2 Rd2+ 41. Rxd2 Nxd2 42. Qxg7# 1-0

[Event "Challenge"]
[Site "http://www.queenalice.com/game.php?id=1003872"]
[Date "2011.11.1"]
[Round "-"]
[White "pork_chop"]
[Black "lucas_mb"]
[Result "1-0"]
[WhiteElo "1674"]
[BlackElo "1653"]

1. d4 d5 2. c3 Nc6 3. Nf3 Bg4 4. Nh4 e5 5. h3 Qxh4 6. dxe5 Bc5 7. g3 Qh5 8. Qxd5
Bxf2+ 9. Kxf2 Nge7 10. Qe4 Bf5 11. Qf3 Qxf3+ 12. exf3 Nxe5 13. Na3 Nd3+ 14. Bxd3
Bxd3 15. Bg5 Nf5 16. Rhe1+ Kf8 17. Rad1 f6 18. Bf4 Ba6 19. Bxc7 g6 20. g4 Ne7
21. Rd7 Nc6 22. f4 Rc8 23. b4 b5 24. Nc2 Nb8 25. Bd6+ Kg8 26. Rxa7 h5 27. Re6
Rh7 28. Bxb8 Rxb8 29. Rxh7 Kxh7 30. Rxa6 Rc8 31. Ne3 Rxc3 32. gxh5 gxh5 33. Rxf6
Kg7 34. Rf5 Ra3 35. Kf3 Rxa2 36. Rxh5 Ra3 37. Rxb5 Kh6 38. Rb6+ Kh5 39. Rb8 Rb3
40. b5 Rb1 41. b6 Rh1 42. b7 Rxh3+ 43. Ke4 Kg6 44. Rc8 Rh7 45. b8=Q Re7+ 46. Kf3
Kf7 47. Rc7 Rxc7 48. Qxc7+ Kf8 49. Nf5 Ke8 50. Nh6 1-0

[Event "Challenge"]
[Site "http://www.queenalice.com/game.php?id=1026982"]
[Date "2012.2.6"]
[Round "-"]
[White "lucas_mb"]
[Black "plot24"]
[Result "0-1"]
[WhiteElo "1640"]
[BlackElo "1744"]

1. e4 e5 2. Nf3 Nc6 3. Bb5 a6 4. Bxc6 dxc6 5. O-O Bd6 6. d4 f6 7. dxe5 fxe5 8.
Bg5 Nf6 9. c4 O-O 10. Qb3 c5 11. Rd1 Qe8 12. Nh4 Nxe4 13. Nf3 Rxf3 14. Qxf3 Nxg5
15. Qd5+ Qe6 16. Nc3 Rb8 17. Qd2 Qh6 18. h3 Bxh3 19. gxh3 Nf3+ 20. Kg2 Nxd2 21.
Re1 Nxc4 22. Re4 Nxb2 23. Rb1 Nd3 24. Re3 Nf4+ 25. Kh2 b6 26. Ne4 Rf8 27. Rbb3
Qh4 28. a4 a5 29. Rg3 Nxh3 30. Rxh3 Qxe4 31. Rbe3 Qf4+ 32. Kh1 Qxf2 33. Reg3
Qf1+ 34. Rg1 Qxh3# 0-1